Arrêts de bus de Nantes - Ligne C1 - Statistiques

Statistiques générales
  • Ce quiz a été pris 20 fois
  • Le résultat moyen est 17 sur 30
Statistiques - réponses
Commune Arrêts Correspondances % Correct
Nantes Haluchère - Batignolles 1, 23, 77, 80, 85, 95
94%
Nantes Gare de Chantenay C20, 10, 81, E1
81%
Nantes Hôtel de Ville C6, 11, 12
81%
Nantes Place du Cirque 2, C2, C6, 11, 23
81%
Nantes Foch - Cathédrale 4, C6, 11, 12
75%
Nantes Rond-Point de Paris 10
75%
Nantes Saint-Nicolas C3, C6, C8, 11, 23, 26
75%
Nantes Saint-Clément
69%
Nantes Saint-Pierre C6, 11, 12
69%
Nantes Chanzy
63%
Nantes Copernic C3, 11, 23
63%
Nantes Mellinet 11, 23
63%
Nantes Bas-Chantenay C20, 10, 81, N2
56%
Nantes Canclaux C3, 11, 23
56%
Nantes Chocolaterie
56%
Nantes Lamoricière C3, 11, 23
56%
Nantes Lechat
56%
Nantes Croissant
50%
Nantes Desaix
50%
Nantes Édit de Nantes C3, 11, 23
50%
Nantes Platanes
50%
Nantes Plessis Tison
50%
Nantes Saint-Donatien
50%
Nantes Sophie Trébuchet 11, 12
50%
Nantes Jean Macé 10
44%
Nantes Saint-Aignan
44%
Nantes Bourdonnais
38%
Nantes Chalâtres
38%
Nantes Hérelle
31%
Nantes Lusançay
25%
Aucun quiz correspondant
Distribution des résultats
% des personnes avec chaque résultat
Percentile par nombre de réponses
Votre historique - résultats
Vous n’avez pas pris ce quiz